[Event "Modra Slovakia op"]
[Site "Modra"]
[Date "2024.03.03"]
[Round "4"]
[White "Bochnicka, Vladimir1"]
[Black "Krivoborodov, Egor"]
[Result "0-1"]
[WhiteElo "2413"]
[BlackElo "2555"]
[PlyCount "124"]
[EventDate "2024.03.01"]
[EventType "swiss"]
[EventRounds "9"]
[EventCountry "SVK"]
[SourceTitle "CB11_2024"]
[SourceDate "2024.03.13"]
[SourceVersion "1"]
[SourceVersionDate "2024.03.13"]
[SourceQuality "1"]

1. e4 c5 2. Nf3 d6 3. Bb5+ Nd7 4. a4 Ngf6 5. Nc3 a6 6. Be2 b6 7. d4 cxd4 8. Qxd4 Bb7 9. 0-0 e6 10. Be3 Be7 11. Nd2 0-0 12. Rfd1 Rc8 13. Nc4 d5 14. exd5 exd5 15. Nd2 Bc5 16. Qf4 Bxe3 17. fxe3 Qe7 18. Nf1 Rfe8 19. Rd2 Ne5 20. Rad1 Qc5 21. Qd4 Nc4 22. Bxc4 dxc4 23. Qxc5 Rxc5 24. Rd6 Bc6 25. Rd8 Kf8 26. Ng3 Rxd8 27. Rxd8+ Ke7 28. Rd4 b5 29. axb5 axb5 30. Nce4 Nxe4 31. Nxe4 Re5 32. Ng3 g6 33. Kf2 Bb7 34. Ne2 g5 35. g4 f5 36. Ng3 fxg4 37. Rxg4 h6 38. Rd4 Bc8 39. e4 Be6 40. Ke3 b4 41. b3 cxb3 42. cxb3 Rb5 43. Nf5+ Bxf5 44. exf5 Kf6 45. Ke4 Re5+ 46. Kd3 Rxf5 47. Rxb4 Rf3+ 48. Kd4 Rh3 49. Rb6+ Kf5 50. b4 Rxh2 51. b5 h5 52. Rb8 Kg4 53. Kc3 Rh1 54. Kc2 Rf1 55. b6 Rf6 56. Kd3 h4 57. Kd4 h3 58. b7 Rb6 59. Ke4 Rb1 60. Ke5 h2 61. Rh8 Kg3 62. Kf5 Rb5+ 0-1

[Event "Modra Slovakia op"]
[Site "Modra"]
[Date "2024.03.03"]
[Round "5"]
[White "Krivoborodov, Egor"]
[Black "Stevik, Patrik1"]
[Result "1/2-1/2"]
[WhiteElo "2555"]
[BlackElo "2167"]
[PlyCount "26"]
[EventDate "2024.03.01"]
[EventType "swiss"]
[EventRounds "9"]
[EventCountry "SVK"]
[SourceTitle "CB11_2024"]
[SourceDate "2024.03.13"]
[SourceVersion "1"]
[SourceVersionDate "2024.03.13"]
[SourceQuality "1"]

1. d4 d5 2. Nf3 c5 3. c4 e6 4. cxd5 exd5 5. Nc3 Nf6 6. g3 Nc6 7. Bg2 Be7 8. 0-0 0-0 9. dxc5 Bxc5 10. Na4 Be7 11. Be3 Bg4 12. Rc1 Qd7 13. Nd4 Rfe8 1/2-1/2

[Event "AUT-chT2W 2223"]
[Site "Austria"]
[Date "2023.04.23"]
[Round "11.5"]
[White "Schlosser, Philipp"]
[Black "Krivoborodov, Egor"]
[Result "0-1"]
[WhiteElo "2505"]
[BlackElo "2521"]
[PlyCount "106"]
[EventDate "2022.09.23"]
[EventType "team-tourn"]
[EventRounds "11"]
[EventCountry "AUT"]
[SourceTitle "EXT 2024"]
[Source "ChessBase"]
[SourceDate "2023.10.10"]
[SourceVersion "1"]
[SourceVersionDate "2023.10.10"]
[SourceQuality "1"]
[WhiteTeam "Jenbach II"]
[BlackTeam "Salzburg ASK"]
[WhiteTeamCountry "AUT"]
[BlackTeamCountry "AUT"]

1. c4 c5 2. Nf3 Nc6 3. d4 cxd4 4. Nxd4 g6 5. Nc2 Bg7 6. e4 d6 7. Be2 Nh6 8. g4 f6 9. h4 0-0 10. Nc3 f5 11. exf5 gxf5 12. g5 Ng4 13. f3 Nge5 14. Nd5 Be6 15. 0-0 Qd7 16. Be3 f4 17. Nxf4 Nxc4 18. Nxe6 Qxe6 19. Bxc4 Qxc4 20. f4 Rf5 21. b3 Qe4 22. Rc1 d5 23. Bd2 d4 24. Qe1 Qd5 25. Nb4 Nxb4 26. Bxb4 d3 27. Rc4 e5 28. Qe4 Qxe4 29. Rxe4 Rd8 30. Bd2 exf4 31. Rfxf4 Rc5 32. Rc4 Re5 33. Rfe4 Rf5 34. Rf4 Re5 35. Rfe4 b5 36. Rcd4 Rxd4 37. Rxd4 Re1+ 38. Bxe1 Bxd4+ 39. Kf1 Be3 40. Bg3 Kf7 41. Ke1 Kg6 42. Bd6 Kf5 43. Be7 a6 44. a4 Kg4 45. axb5 axb5 46. Kd1 Bf4 47. Ke1 Bg3+ 48. Kd2 Bxh4 49. Kxd3 Bxg5 50. Bd6 Kf3 51. Kd4 h5 52. Kc5 h4 53. Kxb5 Bf4 0-1

[Event "BL2-Ost 2223"]
[Site "Germany"]
[Date "2022.11.27"]
[Round "4.1"]
[White "Krivoborodov, Egor"]
[Black "Bezold, Michael"]
[Result "1-0"]
[WhiteElo "2526"]
[BlackElo "2481"]
[PlyCount "55"]
[EventDate "2022.10.22"]
[EventType "team-tourn"]
[EventRounds "10"]
[EventCountry "GER"]
[SourceTitle "EXT 2024"]
[Source "ChessBase"]
[SourceDate "2023.10.10"]
[SourceVersion "1"]
[SourceVersionDate "2023.10.10"]
[SourceQuality "1"]
[WhiteTeam "Garching"]
[BlackTeam "Bayern Muenchen II"]
[WhiteTeamCountry "GER"]
[BlackTeamCountry "GER"]

1. e4 c5 2. c3 Qa5 3. Nf3 Nc6 4. Na3 e6 5. Bb5 Qc7 6. 0-0 a6 7. Bxc6 Qxc6 8. d4 Qc7 9. Bg5 b5 10. c4 cxd4 11. cxb5 f6 12. Rc1 Qb8 13. Bh4 Bxa3 14. bxa3 e5 15. b6 Ne7 16. Qb3 Nc6 17. Nd2 g5 18. Bg3 a5 19. Nc4 a4 20. Qf3 0-0 21. h4 h6 22. Qh5 Kg7 23. f4 gxf4 24. Qg4+ Kh8 25. Qg6 Ne7 26. Qxh6+ Kg8 27. Bxf4 d6 28. Bg5 1-0

[Event "BL2-Ost 2223"]
[Site "Germany"]
[Date "2022.11.26"]
[Round "3.1"]
[White "Bromberger, Stefan"]
[Black "Krivoborodov, Egor"]
[Result "0-1"]
[WhiteElo "2479"]
[BlackElo "2526"]
[PlyCount "78"]
[EventDate "2022.10.22"]
[EventType "team-tourn"]
[EventRounds "10"]
[EventCountry "GER"]
[SourceTitle "EXT 2024"]
[Source "ChessBase"]
[SourceDate "2023.10.10"]
[SourceVersion "1"]
[SourceVersionDate "2023.10.10"]
[SourceQuality "1"]
[WhiteTeam "Muenchen Zugzwang"]
[BlackTeam "Garching"]
[WhiteTeamCountry "GER"]
[BlackTeamCountry "GER"]

1. e4 c5 2. Nf3 g6 3. d4 cxd4 4. Nxd4 Bg7 5. Nc3 Nc6 6. Be3 Nf6 7. Bc4 0-0 8. Bb3 d6 9. f3 Bd7 10. Qd2 Nxd4 11. Bxd4 b5 12. h4 a5 13. a4 bxa4 14. Nxa4 h5 15. g4 e5 16. Bb6 Qb8 17. Be3 hxg4 18. h5 Nxh5 19. Nb6 Be6 20. Bxe6 fxe6 21. Nxa8 Qxa8 22. Qxd6 Rxf3 23. 0-0-0 Qxe4 24. Qxe6+ Kh7 25. Bd2 g3 26. Rde1 g2 27. Rhg1 Qa4 28. Kb1 Rf2 29. b3 Qb5 30. Be3 Rf1 31. Qc4 Rxe1+ 32. Rxe1 Qb7 33. Qg4 a4 34. Qxa4 Qf3 35. Qa7 e4 36. Bd2 Qf6 37. c3 Ng3 38. Qe3 Qf3 39. Qg5 Nf1 0-1

[Event "Oberliga Bayern 2122"]
[Site "Bayern"]
[Date "2022.06.26"]
[Round "3.1"]
[White "Krivoborodov, Egor"]
[Black "Krensing, Jan"]
[Result "1-0"]
[WhiteElo "2488"]
[BlackElo "2287"]
[PlyCount "155"]
[EventDate "2021.10.24"]
[EventType "team-tourn"]
[EventRounds "9"]
[EventCountry "GER"]
[SourceTitle "EXT 2024"]
[Source "ChessBase"]
[SourceDate "2023.10.10"]
[SourceVersion "1"]
[SourceVersionDate "2023.10.10"]
[SourceQuality "1"]
[WhiteTeam "Garching"]
[BlackTeam "Bindlach Aktionaer"]
[WhiteTeamCountry "GER"]
[BlackTeamCountry "GER"]

1. e4 c6 2. Nc3 d5 3. Qf3 dxe4 4. Nxe4 Nd7 5. d4 Ngf6 6. c3 Nxe4 7. Qxe4 Nf6 8. Qc2 g6 9. Nf3 Bg7 10. Bd3 Qc7 11. 0-0 0-0 12. Re1 a5 13. Bg5 Be6 14. Bh4 Nd5 15. Bg3 Qc8 16. a3 Re8 17. Ng5 Bf5 18. Ne4 Nf6 19. Nxf6+ Bxf6 20. Be5 Bxd3 21. Qxd3 Bxe5 22. Rxe5 e6 23. h4 Rd8 24. h5 Rd5 25. Rae1 Qf8 26. R1e3 Rxe5 27. Rxe5 b6 28. Qe4 Rc8 29. b4 axb4 30. axb4 b5 31. g3 Qe7 32. Kg2 Qd6 33. Rc5 Kg7 34. Qh4 f6 35. Qe4 Rc7 36. Kh2 Kf7 37. Qh1 Kg7 38. Qa1 Qd7 39. Qa6 Kf7 40. Qb6 Qc8 41. Kg2 Ke7 42. Qa5 Qb7 43. Qa1 Kf7 44. Qc1 Kg7 45. Qe3 Qc8 46. Qe4 Qd7 47. g4 Qd6 48. g5 f5 49. Qe3 gxh5 50. Re5 Re7 51. Qf3 Kg6 52. Kh3 h6 53. gxh6 Kxh6 54. Kh4 Kg7 55. Qg3+ Kh7 56. Qg5 Qd7 57. Qxh5+ Kg8 58. Qg6+ Kf8 59. Qh6+ Kg8 60. Qg6+ Kf8 61. Qh6+ Kg8 62. Kg3 Qe8 63. Kf3 Qf7 64. Kf4 Re8 65. Re3 Qc7+ 66. Re5 Qf7 67. f3 Re7 68. Re2 e5+ 69. Rxe5 Rxe5 70. Kxe5 Qd5+ 71. Kf4 Qc4 72. Qg6+ Kh8 73. Qf6+ Kg8 74. Qd8+ Kf7 75. Qd7+ Kg8 76. Qe8+ Kg7 77. Qe7+ Kg8 78. Kg5 1-0

[Event "Oberliga Bayern 2122"]
[Site "Bayern"]
[Date "2022.05.29"]
[Round "9.1"]
[White "Krivoborodov, Egor"]
[Black "Heika, Martin"]
[Result "1-0"]
[WhiteElo "2488"]
[BlackElo "2239"]
[PlyCount "67"]
[EventDate "2021.10.24"]
[EventType "team-tourn"]
[EventRounds "9"]
[EventCountry "GER"]
[SourceTitle "EXT 2024"]
[Source "ChessBase"]
[SourceDate "2023.10.10"]
[SourceVersion "1"]
[SourceVersionDate "2023.10.10"]
[SourceQuality "1"]
[WhiteTeam "Garching"]
[BlackTeam "Kareth Lappersdorf"]
[WhiteTeamCountry "GER"]
[BlackTeamCountry "GER"]

1. e4 e6 2. d4 d5 3. Nc3 Bb4 4. e5 c5 5. Bd2 Nc6 6. Nb5 Bxd2+ 7. Qxd2 cxd4 8. f4 Nh6 9. Nd6+ Ke7 10. Nf3 Qb6 11. 0-0-0 f6 12. g4 Qb4 13. Qxb4 Nxb4 14. g5 Nf7 15. Nxf7 Kxf7 16. Rxd4 Nc6 17. Rd2 fxe5 18. Nxe5+ Ke7 19. Nd3 Bd7 20. Bh3 h6 21. Re1 hxg5 22. Bxe6 Bxe6 23. Nc5 Kd6 24. Nxe6 Rae8 25. f5 Rhf8 26. Red1 Rh8 27. Rxd5+ Ke7 28. Rd7+ Kf6 29. Nxg7 Re7 30. R7d6+ Kf7 31. Ne6 Rxh2 32. Nxg5+ Ke8 33. f6 Rc7 34. Re1+ 1-0

[Event "BL2-Ost 1920"]
[Site "Germany"]
[Date "2019.11.24"]
[Round "4.2"]
[White "Grafl, Florian"]
[Black "Krivoborodov, Egor"]
[Result "1/2-1/2"]
[WhiteElo "2346"]
[BlackElo "2517"]
[PlyCount "57"]
[EventDate "2019.10.19"]
[EventType "team-tourn"]
[EventRounds "11"]
[EventCountry "GER"]
[SourceTitle "CBM 194 Extra"]
[Source "ChessBase"]
[SourceDate "2020.03.31"]
[SourceVersion "1"]
[SourceVersionDate "2020.03.31"]
[SourceQuality "1"]
[WhiteTeam "Bayern Muenchen II"]
[BlackTeam "Garching"]
[WhiteTeamCountry "GER"]
[BlackTeamCountry "GER"]

1. b3 Nf6 2. Bb2 e6 3. e3 b6 4. f4 Bb7 5. Nf3 Be7 6. g3 0-0 7. Bg2 c5 8. 0-0 Nc6 9. Qe2 d5 10. Ne5 Nxe5 11. fxe5 Nd7 12. c4 f6 13. Qg4 f5 14. Qh3 Qc7 15. cxd5 Nxe5 16. dxe6 Nd3 17. Bc3 b5 18. a3 Bxg2 19. Qxg2 Rad8 20. b4 Qd6 21. bxc5 Nxc5 22. Ba5 Rb8 23. Nc3 Qxe6 24. Rab1 Ne4 25. Nxe4 fxe4 26. Rxf8+ Bxf8 27. Bb4 Qd5 28. d4 Rc8 29. Re1 1/2-1/2

[Event "BL2-Ost 1920"]
[Site "Germany"]
[Date "2019.11.23"]
[Round "3.2"]
[White "Krivoborodov, Egor"]
[Black "Hertneck, Gerald"]
[Result "1/2-1/2"]
[WhiteElo "2517"]
[BlackElo "2489"]
[PlyCount "120"]
[EventDate "2019.10.19"]
[EventType "team-tourn"]
[EventRounds "11"]
[EventCountry "GER"]
[SourceTitle "CBM 194 Extra"]
[Source "ChessBase"]
[SourceDate "2020.03.31"]
[SourceVersion "1"]
[SourceVersionDate "2020.03.31"]
[SourceQuality "1"]
[WhiteTeam "Garching"]
[BlackTeam "Zugzwang MSA"]
[WhiteTeamCountry "GER"]
[BlackTeamCountry "GER"]

1. Nf3 d5 2. g3 g6 3. Bg2 Bg7 4. 0-0 e5 5. c4 c6 6. d3 Ne7 7. e4 0-0 8. Nc3 Na6 9. exd5 cxd5 10. cxd5 Nxd5 11. Nxd5 Qxd5 12. Re1 Qd6 13. Be3 Bd7 14. d4 exd4 15. Bxd4 Bc6 16. Bxg7 Qxd1 17. Raxd1 Kxg7 18. Nd4 Bxg2 19. Kxg2 Rfe8 20. Nb5 Rxe1 21. Rxe1 Rd8 22. Re7 Rd2 23. Rxb7 Rxb2 24. Rxa7 Nb4 25. Nd6 Rxa2 26. Rxf7+ Kg8 27. Rd7 Re2 28. Kf3 Re6 29. Ne4 Nc6 30. Kf4 Ne5 31. Rd5 Nf7 32. g4 h6 33. h4 Rb6 34. f3 Kg7 35. Rd7 Kf8 36. Ra7 Rb4 37. Kg3 Rb6 38. Rc7 Ra6 39. Nc5 Rd6 40. Rc8+ Kg7 41. Re8 Rc6 42. Ne6+ Kf6 43. Nf4 Rd6 44. Nh3 Rd8 45. Re3 Ne5 46. Nf2 Rd5 47. Ra3 Kg7 48. Ra7+ Rd7 49. Ra5 Nc4 50. Rc5 Nd2 51. Ne4 Nxe4+ 52. fxe4 Rf7 53. Rc1 g5 54. Rc5 gxh4+ 55. Kxh4 Rf4 56. Rc7+ Kf6 57. e5+ Kxe5 58. Rc6 Rf6 59. Rc5+ Ke6 60. Kh5 Kf7 1/2-1/2

[Event "BL2-Ost 1819"]
[Site "Germany"]
[Date "2018.11.10"]
[Round "1.2"]
[White "Krivoborodov, Egor"]
[Black "Cech, Pavel"]
[Result "1/2-1/2"]
[WhiteElo "2524"]
[BlackElo "2327"]
[PlyCount "64"]
[EventDate "2018.11.10"]
[EventType "team-tourn"]
[EventRounds "10"]
[EventCountry "GER"]
[SourceTitle "CBM 190 Extra"]
[Source "ChessBase"]
[SourceDate "2019.07.15"]
[SourceVersion "1"]
[SourceVersionDate "2019.07.15"]
[SourceQuality "1"]
[WhiteTeam "Garching"]
[BlackTeam "Bindlach"]
[WhiteTeamCountry "GER"]
[BlackTeamCountry "GER"]

1. Nf3 d5 2. g3 Nf6 3. Bg2 c6 4. 0-0 Bf5 5. c4 e6 6. d4 Nbd7 7. Qb3 Qb6 8. c5 Qa6 9. Nc3 b6 10. cxb6 axb6 11. Nh4 Bg6 12. Nxg6 hxg6 13. e4 dxe4 14. Nxe4 Nd5 15. Bg5 Be7 16. Bxe7 Kxe7 17. a4 Qa5 18. Nc3 N7f6 19. Bxd5 Nxd5 20. Nxd5+ Qxd5 21. Qxb6 Rhb8 22. Qc7+ Kf8 23. Rfb1 Rb4 24. a5 Rxd4 25. a6 Rd2 26. a7 Rxf2 27. Qb8+ Ke7 28. Kxf2 Qd2+ 29. Kf3 Qd3+ 30. Kg2 Qd5+ 31. Kf1 Qf3+ 32. Ke1 Qe3+ 1/2-1/2

[Event "Munich OIS op 37th"]
[Site "Munich"]
[Date "2017.10.07"]
[Round "8"]
[White "Krivoborodov, Egor"]
[Black "Fedorovsky, Michael"]
[Result "1/2-1/2"]
[WhiteElo "2542"]
[BlackElo "2478"]
[PlyCount "49"]
[EventDate "2017.09.30"]
[EventType "swiss"]
[EventRounds "9"]
[EventCountry "GER"]
[SourceTitle "CBM 181 Extra"]
[Source "ChessBase"]
[SourceDate "2017.12.12"]
[SourceVersion "1"]
[SourceVersionDate "2017.12.12"]
[SourceQuality "1"]

1. e4 c5 2. Nf3 d6 3. d4 cxd4 4. Nxd4 Nf6 5. Nc3 g6 6. Be3 Bg7 7. f3 0-0 8. Qd2 Nc6 9. Bc4 Bd7 10. h4 h5 11. 0-0-0 Rc8 12. Bb3 Ne5 13. Bh6 Nc4 14. Bxc4 Rxc4 15. Bxg7 Kxg7 16. Kb1 Qa5 17. Nb3 Qb6 18. g4 Be6 19. gxh5 Nxh5 20. f4 Bg4 21. Rde1 e6 22. Re3 d5 23. exd5 Rxf4 24. Rhe1 Rd8 25. Qg2 1/2-1/2

[Event "Pyramiden Franken Cup"]
[Site "Fuerth"]
[Date "2016.09.04"]
[Round "7"]
[White "Krivoborodov, Egor"]
[Black "Pap, Misa"]
[Result "1-0"]
[WhiteElo "2519"]
[BlackElo "2493"]
[PlyCount "75"]
[EventDate "2016.09.01"]
[EventType "swiss"]
[EventRounds "7"]
[EventCountry "GER"]
[SourceTitle "CBM 174 Extra"]
[Source "ChessBase"]
[SourceDate "2016.10.10"]
[SourceVersion "1"]
[SourceVersionDate "2016.10.10"]
[SourceQuality "1"]

1. Nf3 f5 2. g3 Nf6 3. Bg2 d6 4. d4 e6 5. 0-0 Be7 6. c4 0-0 7. Nc3 a5 8. Re1 Ne4 9. Qc2 Nxc3 10. Qxc3 Nc6 11. e4 e5 12. exf5 Bxf5 13. dxe5 dxe5 14. c5 Bf6 15. Be3 Kh8 16. Rad1 Qe8 17. Qb3 Nb4 18. Rd2 Be6 19. Qd1 Bxa2 20. Bf4 Nc6 21. Nxe5 Nxe5 22. Bxe5 Bxe5 23. f4 Qb5 24. Rxe5 Bb3 25. Qe2 Bc4 26. Qe3 Rae8 27. h4 Rxe5 28. Qxe5 b6 29. c6 Qxe5 30. fxe5 Be6 31. Rd7 Rc8 32. Re7 Bg4 33. Bf1 Kg8 34. Bc4+ Kf8 35. Rf7+ Ke8 36. Rxg7 h5 37. Be2 Kf8 38. Bxg4 1-0

[Event "Pyramiden Franken Cup"]
[Site "Fuerth"]
[Date "2016.09.01"]
[Round "1"]
[White "Gerl, Hans Peter"]
[Black "Krivoborodov, Egor"]
[Result "0-1"]
[WhiteElo "2022"]
[BlackElo "2519"]
[PlyCount "66"]
[EventDate "2016.09.01"]
[EventType "swiss"]
[EventRounds "7"]
[EventCountry "GER"]
[SourceTitle "CBM 174 Extra"]
[Source "ChessBase"]
[SourceDate "2016.10.10"]
[SourceVersion "1"]
[SourceVersionDate "2016.10.10"]
[SourceQuality "1"]

1. d4 d5 2. c4 c6 3. Nf3 Nf6 4. e3 a6 5. c5 Nbd7 6. b4 b6 7. Bd3 bxc5 8. bxc5 e5 9. Bf5 e4 10. Nfd2 Nxc5 11. dxc5 Bxf5 12. Nb3 Nd7 13. 0-0 Nxc5 14. Nd4 Bd7 15. Nc3 Bd6 16. Nde2 Nd3 17. Bd2 0-0 18. Rb1 Qh4 19. Ng3 Ne5 20. f3 exf3 21. gxf3 Nc4 22. Nce2 Bc5 23. Rb3 Rae8 24. Qc1 Nxd2 25. Qxd2 Rxe3 26. Rxe3 Re8 27. Ne4 Bxe3+ 28. Qxe3 dxe4 29. Qd4 Bh3 30. Rb1 Qg5+ 31. Ng3 exf3 32. Qe4 Qc5+ 33. Kh1 Bg2# 0-1

[Event "AUT-chT2W 1516"]
[Site "Austria"]
[Date "2016.03.06"]
[Round "11.2"]
[White "Krivoborodov, Egor"]
[Black "Berchtenbreiter, Maximilian"]
[Result "1/2-1/2"]
[WhiteElo "2522"]
[BlackElo "2384"]
[PlyCount "45"]
[EventDate "2015.10.16"]
[EventType "team-tourn"]
[EventRounds "11"]
[EventCountry "AUT"]
[SourceTitle "EXT 2017"]
[Source "ChessBase"]
[SourceDate "2016.10.25"]
[SourceVersion "1"]
[SourceVersionDate "2016.10.25"]
[SourceQuality "1"]
[WhiteTeam "Salzburg"]
[BlackTeam "Voels/Innsbruck"]
[WhiteTeamCountry "AUT"]
[BlackTeamCountry "AUT"]

1. d4 Nf6 2. c4 c5 3. Nf3 cxd4 4. Nxd4 b6 5. f3 Bb7 6. e4 d6 7. Nc3 a6 8. Be3 e6 9. Be2 Be7 10. 0-0 0-0 11. Qd2 Kh8 12. Rfd1 Rg8 13. Rac1 Nbd7 14. Kh1 Rc8 15. b3 Qc7 16. Bd3 Qb8 17. Bb1 Bd8 18. Nde2 Bc7 19. Bf4 Ne5 20. Bg5 Nfd7 21. Bf4 Nc5 22. Bg5 Ned7 23. Bf4 1/2-1/2

[Event "BL2-Ost 1516"]
[Site "Germany"]
[Date "2016.01.30"]
[Round "7.1"]
[White "Papp, Gabor"]
[Black "Krivoborodov, Egor"]
[Result "1/2-1/2"]
[WhiteElo "2601"]
[BlackElo "2517"]
[PlyCount "87"]
[EventDate "2015.09.20"]
[EventType "team-tourn"]
[EventRounds "9"]
[EventCountry "GER"]
[SourceTitle "CBM 171 Extra"]
[Source "ChessBase"]
[SourceDate "2016.04.26"]
[SourceVersion "1"]
[SourceVersionDate "2016.04.26"]
[SourceQuality "1"]
[WhiteTeam "Nickelhuette Aue"]
[BlackTeam "Garching"]
[WhiteTeamCountry "GER"]
[BlackTeamCountry "GER"]

1. Nf3 Nf6 2. c4 c6 3. g3 d5 4. Bg2 Bg4 5. 0-0 e6 6. d3 Nbd7 7. cxd5 exd5 8. h3 Bh5 9. Nc3 Bc5 10. Qc2 0-0 11. e4 dxe4 12. dxe4 Re8 13. Bf4 Bg6 14. Nh4 Nh5 15. Ne2 Nxf4 16. Nxf4 Qb6 17. Rad1 Rad8 18. Kh2 Be7 19. Nhxg6 hxg6 20. Nd3 g5 21. f4 gxf4 22. gxf4 Nc5 23. Nxc5 Qxc5 24. Qxc5 Bxc5 25. Kg3 Bb6 26. e5 Rxd1 27. Rxd1 Rd8 28. Rxd8+ Bxd8 29. h4 g6 30. Bh3 Ba5 31. Bc8 Be1+ 32. Kg4 b6 33. h5 gxh5+ 34. Kxh5 Kg7 35. Kg5 Bd2 36. b3 c5 37. a4 Kf8 38. Kf5 Ke7 39. Ke4 a5 40. f5 f6 41. exf6+ Kxf6 42. Kd5 c4 43. Kxc4 Be3 44. Kb5 1/2-1/2

[Event "BL2-Ost 1516"]
[Site "Germany"]
[Date "2015.12.13"]
[Round "6.2"]
[White "Seyb, Alexander"]
[Black "Krivoborodov, Egor"]
[Result "0-1"]
[WhiteElo "2425"]
[BlackElo "2517"]
[PlyCount "42"]
[EventDate "2015.09.20"]
[EventType "team-tourn"]
[EventRounds "9"]
[EventCountry "GER"]
[SourceTitle "CBM 170 Extra"]
[Source "ChessBase"]
[SourceDate "2016.02.25"]
[SourceVersion "1"]
[SourceVersionDate "2016.02.25"]
[SourceQuality "1"]
[WhiteTeam "Forchheim"]
[BlackTeam "Garching"]
[WhiteTeamCountry "GER"]
[BlackTeamCountry "GER"]

1. e4 c5 2. Nf3 e6 3. d4 cxd4 4. Nxd4 d6 5. Nc3 Nc6 6. Be3 Nf6 7. f3 Be7 8. Qd2 a6 9. 0-0-0 Qc7 10. g4 b5 11. Bxb5 axb5 12. Ndxb5 Qb8 13. Nxd6+ Qxd6 14. Qxd6 Bxd6 15. Rxd6 Ne5 16. Bf4 Nxf3 17. Rf1 e5 18. Bg3 Bxg4 19. h3 Bh5 20. Rd3 Nd4 21. Bxe5 Ne2+ 0-1

[Event "Pyramiden Franken Cup"]
[Site "Fuerth"]
[Date "2015.09.06"]
[Round "7"]
[White "Krivoborodov, Egor"]
[Black "Fedorovsky, Michael"]
[Result "1/2-1/2"]
[WhiteElo "2518"]
[BlackElo "2451"]
[PlyCount "128"]
[EventDate "2015.09.03"]
[EventType "swiss"]
[EventRounds "7"]
[EventCountry "GER"]
[SourceTitle "EXT 2016"]
[Source "ChessBase"]
[SourceDate "2015.10.08"]
[SourceVersion "1"]
[SourceVersionDate "2015.10.08"]
[SourceQuality "1"]

1. e4 e5 2. Nf3 Nc6 3. Bb5 a6 4. Bxc6 dxc6 5. 0-0 Bg4 6. h3 h5 7. d3 Qf6 8. Be3 Bxf3 9. Qxf3 Qxf3 10. gxf3 Bd6 11. Nd2 Ne7 12. Nc4 0-0-0 13. f4 exf4 14. Nxd6+ cxd6 15. Bxf4 f5 16. f3 Rhf8 17. Rae1 Ng6 18. Bd2 Rde8 19. Bc3 Rf7 20. Kh2 fxe4 21. fxe4 Ref8 22. Rxf7 Rxf7 23. Re2 Nf8 24. e5 d5 25. e6 Re7 26. Bxg7 Rxe6 27. Rf2 Ng6 28. Bd4 Kd7 29. Kg3 Re1 30. Rf7+ Re7 31. Rf5 Re2 32. Rxh5 Rxc2 33. Rg5 Rd2 34. Bc5 Rxd3+ 35. Kg4 b6 36. Bxb6 Nf8 37. Rg7+ Kd6 38. h4 Nd7 39. Rg6+ Ke7 40. Bc7 Nf6+ 41. Kg5 Ne4+ 42. Kf5 Rf3+ 43. Ke5 Rf6 44. h5 Kf7 45. Rxf6+ Nxf6 46. h6 Ng4+ 47. Kd6 Nxh6 48. Kxc6 d4 49. Kb6 d3 50. Bf4 Nf5 51. Kxa6 Nd4 52. b4 Ke7 53. b5 Ne6 54. Bd2 Kd7 55. Kb6 Nd4 56. a4 Nb3 57. Bf4 d2 58. Bxd2 Nxd2 59. Ka7 Nc4 60. Kb7 Nd6+ 61. Kb8 Nc4 62. b6 Nxb6 63. a5 Nc8 64. a6 Kd8 1/2-1/2

[Event "Pyramiden Franken Cup"]
[Site "Fuerth"]
[Date "2015.09.05"]
[Round "5"]
[White "Krivoborodov, Egor"]
[Black "Milov, Leonid"]
[Result "1-0"]
[WhiteElo "2518"]
[BlackElo "2471"]
[PlyCount "109"]
[EventDate "2015.09.03"]
[EventType "swiss"]
[EventRounds "7"]
[EventCountry "GER"]
[SourceTitle "EXT 2016"]
[Source "ChessBase"]
[SourceDate "2015.10.08"]
[SourceVersion "1"]
[SourceVersionDate "2015.10.08"]
[SourceQuality "1"]

1. e4 d5 2. exd5 Qxd5 3. Nc3 Qa5 4. d4 Nf6 5. Nf3 Bf5 6. Bd2 Nbd7 7. b4 Qb6 8. a4 c6 9. a5 Qc7 10. b5 e6 11. a6 Bb4 12. axb7 Qxb7 13. bxc6 Qxc6 14. Ne5 Qb7 15. Nb5 Bxd2+ 16. Qxd2 0-0 17. Nxd7 Qxd7 18. Be2 Rfd8 19. 0-0 a6 20. Nc3 Qxd4 21. Qxd4 Rxd4 22. Bxa6 Rad8 23. Ne2 Rd2 24. c3 g6 25. Rac1 R8d6 26. Bb5 Rb6 27. Bc4 Rc6 28. Bb5 Rb6 29. Bc4 Rbb2 30. Rfe1 Ne4 31. Ra1 Nc5 32. Ra5 Bd3 33. Nf4 Bxc4 34. Rxc5 Ba6 35. Nh3 h6 36. Ra5 Bc4 37. Ra4 Bd5 38. Raa1 g5 39. Rad1 Rxd1 40. Rxd1 Rc2 41. f3 Rxc3 42. Nf2 Kg7 43. h3 Rc2 44. Rd4 f5 45. h4 Kf6 46. hxg5+ hxg5 47. Rd1 Bc4 48. Re1 Be2 49. Nh3 Rd2 50. Nf2 Kg6 51. Nh1 Bc4 52. Ng3 Rd4 53. Ne2 Rd2 54. Ng3 Bd5 55. Nf1 1-0

[Event "Schwarzach op 30th"]
[Site "Schwarzach"]
[Date "2015.08.25"]
[Round "5"]
[White "Hilverda, Alexander"]
[Black "Krivoborodov, Egor"]
[Result "1/2-1/2"]
[WhiteElo "2382"]
[BlackElo "2522"]
[PlyCount "59"]
[EventDate "2015.08.22"]
[EventType "swiss"]
[EventRounds "9"]
[EventCountry "AUT"]
[SourceTitle "EXT 2016"]
[Source "ChessBase"]
[SourceDate "2015.10.08"]
[SourceVersion "1"]
[SourceVersionDate "2015.10.08"]
[SourceQuality "1"]

1. Nf3 Nf6 2. c4 e6 3. g3 b6 4. Bg2 Bb7 5. 0-0 Be7 6. Nc3 0-0 7. d4 Ne4 8. Qc2 Nxc3 9. Qxc3 f5 10. Rd1 Bf6 11. b3 d6 12. a4 a5 13. Ba3 Na6 14. Rac1 Re8 15. Qe3 Qb8 16. h4 Qa7 17. c5 bxc5 18. dxc5 Nxc5 19. Bxc5 dxc5 20. Qxc5 Qxc5 21. Rxc5 Bd5 22. Rdxd5 exd5 23. Ng5 c6 24. Rxc6 Bxg5 25. Bxd5+ Kf8 26. hxg5 Rac8 27. Rb6 Rb8 28. Rc6 Rbc8 29. Rb6 Rb8 30. Rc6 1/2-1/2

[Event "Oberliga Bayern 1415"]
[Site "Germany"]
[Date "2015.04.12"]
[Round "9.1"]
[White "Krivoborodov, Egor"]
[Black "Lauer, Moritz"]
[Result "1/2-1/2"]
[WhiteElo "2511"]
[BlackElo "2355"]
[PlyCount "43"]
[EventDate "2014.10.19"]
[EventType "team-tourn"]
[EventRounds "9"]
[EventCountry "GER"]
[SourceTitle "EXT 2016"]
[Source "ChessBase"]
[SourceDate "2015.10.08"]
[SourceVersion "1"]
[SourceVersionDate "2015.10.08"]
[SourceQuality "1"]
[WhiteTeam "Garching"]
[BlackTeam "Puschendorf"]
[WhiteTeamCountry "GER"]
[BlackTeamCountry "GER"]

1. e4 d5 2. exd5 Qxd5 3. Nc3 Qd6 4. d4 Nf6 5. Nf3 c6 6. Ne5 Nbd7 7. Nc4 Qc7 8. Qf3 Nb6 9. Bf4 Qd8 10. Be5 Bg4 11. Qg3 h5 12. h3 h4 13. Qf4 Be6 14. Nxb6 Qxb6 15. 0-0-0 0-0-0 16. Qf3 Qa5 17. a3 Nd7 18. Bh2 Nf6 19. Qf4 Rd6 20. Qf3 Rd8 21. Be5 Nd7 22. Bh2 1/2-1/2